MARC

LEADER 00000nam0a2200000 4500
001 255087
005 20231031215046.0
035 |a (RuTPU)RU\TPU\book\277590 
035 |a RU\TPU\book\129117 
090 |a 255087 
100 |a 20140326d1989 k y0rusy50 ca 
101 0 |a rus 
102 |a EE 
105 |a a z 001zy 
200 1 |a Интенсификация и эффективизация производства  |e [сборник научных трудов]  |f Таллинский политехнический институт (ТПИ) ; под ред. У. И. Мересте 
210 |a Таллинн  |c Изд-во ТалПИ  |d 1989 
215 |a 135 с.  |c ил. 
225 1 |a Труды Таллинского политехнического института  |v № 689 
225 1 |a Межвузовский сборник научных работ по статистике  |v [Сб.] 13 
320 |a Библиогр. в конце ст. 
606 1 |a Интенсификация производства  |2 stltpush  |3 (RuTPU)RU\TPU\subj\12813 
610 1 |a экономическая эффективность 
610 1 |a микроэкономика 
610 1 |a макроэкономика 
610 1 |a комплексный анализ 
610 1 |a матричное моделирование 
610 1 |a прогнозирование 
610 1 |a самофинансирование 
610 1 |a статистический анализ 
675 |a 658.011.46  |v 3 
702 1 |a Мересте  |b У. И.  |4 340 
712 0 2 |a Таллинский политехнический институт (ТПИ)  |c (1941-1989)  |2 stltpush  |3 (RuTPU)RU\TPU\col\12417 
801 1 |a RU  |b 63413507  |c 20070628  |g PSBO 
801 2 |a RU  |b 63413507  |c 20151202  |g PSBO 
942 |c BK